Physical chemistry : (Record no. 133146)

MARC details
000 -LEADER
fixed length control field 00594nam a2200193 a 4500
008 - FIXED-LENGTH DATA ELEMENTS--GENERAL INFORMATION
fixed length control field
020 ## - INTERNATIONAL STANDARD BOOK NUMBER
International Standard Book Number 0935702997 (hbk.)
090 ## - LOCALLY ASSIGNED LC-TYPE CALL NUMBER (OCLC); LOCAL CALL NUMBER (RLIN)
Classification number (OCLC) (R) ; Classification number, CALL (RLIN) (NR) QD453.2
Local cutter number (OCLC) ; Book number/undivided call number, CALL (RLIN) McQ
003 - CONTROL NUMBER IDENTIFIER
control field
005 - DATE AND TIME OF LATEST TRANSACTION
control field 20230123124942.0
040 ## - CATALOGING SOURCE
Transcribing agency NUST
049 ## - LOCAL HOLDINGS (OCLC)
Holding library MAIN
100 1# - MAIN ENTRY--PERSONAL NAME
Personal name McQuarrie, Donald A.
245 10 - TITLE STATEMENT
Title Physical chemistry :
Remainder of title a molecular approach /
Statement of responsibility, etc. Donald A. McQuarrie, John D. Simon.
260 ## - PUBLICATION, DISTRIBUTION, ETC.
Place of publication, distribution, etc. Sausalito :
Name of publisher, distributor, etc. University Science Books,
Date of publication, distribution, etc. c1997.
650 #1 - SUBJECT ADDED ENTRY--TOPICAL TERM
Topical term or geographic name entry element Chemistry
General subdivision Physical and theoritical.
907 ## - LOCAL DATA ELEMENT G, LDG (RLIN)
a .b10264978
b 13-08-09
c 13-08-09
942 ## - ADDED ENTRY ELEMENTS (KOHA)
Koha item type Ordinary Loan Books
Call number prefix QD453.2
Call number suffix McQ
Holdings
Date last seen Total Checkouts Full call number Barcode Cost, replacement price Price effective from Koha item type Lost status Source of classification or shelving scheme Damaged status Not for loan Collection Withdrawn status Home library Current library Shelving location Date acquired Cost, normal purchase price
01/23/2023 17 QD453.2 MCQ 92004011560 80.00 01/23/2023 BOOKS   LCC     NFIC   MAIN MAIN GEN 01/23/2023 80.00